| 000 | 00880nam a2200253Ia 4500 | ||
|---|---|---|---|
| 003 | GCL | ||
| 005 | 20240530103253.0 | ||
| 008 | 140319s9999 xx 000 0 ara d | ||
| 040 |
_aGCL / _cGCL |
||
| 082 | 0 | 4 |
_a414 _bع م |
| 100 | _4عبدالجواد محمد محمد طبق | ||
| 245 | 1 | 0 |
_aمتشابه النظم القرأنى فى قصة أدم عليه السلام / _cعبدالجواد محمد محمد طبق |
| 260 |
_aالقاهرة : _bدار الارقم للطباعة والنشر ، _c1993 |
||
| 300 |
_a232 ص، _b24 سم |
||
| 650 | 0 | 4 | _aالنقد |
| 650 | 0 | 4 | _aاللغة العربية |
| 650 | 0 | 4 | _aالبلاغة العربية |
| 650 | 0 | 4 | _aالبلاغة |
| 650 | 0 | 4 | _aالاعجاز العلمى للقران |
| 650 | 0 | 4 | _aالقران - بلاغة |
| 650 | 0 | 4 | _aالقران |
| 650 | 0 | 4 | _aالقصص القرآنية |
| 942 |
_2ddc _cBK |
||
| 999 |
_c38031 _d38031 |
||